| 000 | 00989cam a22002894a 4500 | ||
|---|---|---|---|
| 001 | 13195348 | ||
| 003 | OSt | ||
| 005 | 20240618093329.0 | ||
| 008 | 030513s2003 nyua 001 0 eng | ||
| 010 | _a 2003053974 | ||
| 020 | _a0393050602 | ||
| 040 |
_aDLC _cDLC _dDLC |
||
| 042 | _apcc | ||
| 043 | _azju---- | ||
| 082 | 0 | 0 | _a523.3 LEU 2003 |
| 100 | 1 |
_aLeutwyler, Kristin. _917408 |
|
| 245 | 1 | 4 |
_aThe moons of Jupiter / _cKristin Leutwyler ; afterword by John Casani. |
| 260 |
_aNew York : _bW.W. Norton, _c2003. |
||
| 300 |
_a240 p. : _bcol. ill. ; _c24 x 29 cm. |
||
| 500 | _a"A Peter N. Nevraumont book." | ||
| 500 | _aIncludes index. | ||
| 651 | 0 |
_aJupiter (Planet) _xSatellites. _917409 |
|
| 651 | 0 |
_aJupiter (Planet) _xSatellites _vPictorial works. _917410 |
|
| 906 |
_a7 _bcbc _corignew _d1 _eocip _f20 _gy-gencatlg |
||
| 942 |
_2ddc _cO_SHELF |
||
| 999 |
_c8586 _d8586 |
||